| Tag |
First Indicator |
Second Indicator |
Subfields |
| LEADER |
00000cam a2200000Ia 4500 |
| 001 |
in00002781469 |
| 005 |
20190331170656.0 |
| 006 |
m o d |
| 007 |
cr cnu---unuuu |
| 008 |
071130s2003 bb a ob 000 0 eng d |
| 019 |
|
|
|a 646844032
|a 656965403
|a 764528044
|
| 020 |
|
|
|a 9781435611252 (electronic bk.)
|
| 020 |
|
|
|a 143561125X (electronic bk.)
|
| 020 |
|
|
|z 9766401292 (pbk.)
|
| 020 |
|
|
|z 9789766401290 (pbk.)
|
| 035 |
|
|
|a (OCoLC)ocn182621537
|
| 035 |
|
|
|a (OCoLC)182621537
|
| 040 |
|
|
|a N$T
|b eng
|c N$T
|d YDXCP
|d OCLCQ
|d OCLCE
|d E7B
|d OCLCQ
|d UtOrBLW
|
| 043 |
|
|
|a nwtr---
|
| 049 |
|
|
|a TXAM
|
| 050 |
|
4 |
|a BL2566.T7
|b H47 2003eb
|
| 072 |
|
7 |
|a REL
|x 029000
|2 bisacsh
|
| 082 |
0 |
4 |
|a 299.60972983
|2 22
|
| 100 |
1 |
|
|a Henry, Frances,
|d 1931-
|
| 245 |
1 |
0 |
|a Reclaiming African religions in Trinidad :
|b the socio-political legitimation of the Orisha and spiritual Baptist faiths /
|c Frances Henry.
|
| 264 |
|
1 |
|a Barbados :
|b University of the West Indies Press ;
|a London :
|b Eurospan,
|c [2003]
|
| 264 |
|
4 |
|c ©2003
|
| 300 |
|
|
|a 1 online resource (xxx, 224 pages) :
|b illustrations
|
| 336 |
|
|
|a text
|b txt
|2 rdacontent
|
| 337 |
|
|
|a computer
|b c
|2 rdamedia
|
| 338 |
|
|
|a online resource
|b cr
|2 rdacarrier
|
| 504 |
|
|
|a Includes bibliographical references (pages 211-223).
|
| 588 |
|
|
|a Description based on print version record.
|
| 500 |
|
|
|a Electronic resource.
|
| 650 |
|
0 |
|a Africans
|z Trinidad and Tobago
|x Religion.
|
| 650 |
|
0 |
|a Orishas
|z Trinidad and Tobago.
|
| 650 |
|
0 |
|a Spiritual Baptists
|z Trinidad and Tobago.
|
| 651 |
|
0 |
|a Trinidad and Tobago
|x Religion
|x African influences.
|
| 651 |
|
0 |
|a Trinidad and Tobago
|x Religious life and customs.
|
| 650 |
|
7 |
|a RELIGION
|x Ethnic & Tribal.
|2 bisacsh
|
| 655 |
|
7 |
|a Electronic books.
|2 local
|
| 776 |
0 |
8 |
|i Print version:
|a Henry, Frances, 1931-
|t Reclaiming African religions in Trinidad.
|d Barbados : University of the West Indies Press ; London : Eurospan, c2003
|z 9766401292
|z 9789766401290
|w (OCoLC)52563025
|
| 856 |
4 |
0 |
|u http://proxy.library.tamu.edu/login?url=http://search.ebscohost.com/login.aspx?direct=true&scope=site&db=nlebk&db=nlabk&AN=145845
|z Connect to the full text of this electronic book
|t 0
|
| 994 |
|
|
|a 92
|b TXA
|
| 948 |
|
|
|a cataloged
|b h
|c 2012/11/8
|d c
|e jlanham
|f 1:29:05 pm
|
| 999 |
|
|
|a MARS
|
| 999 |
f |
f |
|s 365ac901-6114-3766-bf03-da8e6d2b592f
|i b20c7d4c-5d0e-3442-82fb-eafaa8ee8db3
|t 0
|
| 952 |
f |
f |
|a Texas A&M University
|b College Station
|c Electronic Resources
|d Available Online
|t 0
|e BL2566.T7 H47 2003eb
|h Library of Congress classification
|
| 998 |
f |
f |
|a BL2566.T7 H47 2003eb
|t 0
|l Available Online
|